00695nam a2200241 a 4500001001300000003000900013005001700022008004100039020000900080082001700089100002300106245001900129260003800148300000900186500003500195505002400230650001600254700002300270902000800293942000700301952012800308999001700436nice12345678IN_TiNIC20260116013728.0050524s1990 dela grp 000 0 eng  ac2500a340.59bSHA5 aShad, Abdur Rahman aZakat and Ushr aDelhibIslamic Book Servicec1990 a104p aincludes index and biblioraphy2 areference and notes aIslamic-Law1 aShad, Abdur Rahman bSRS cBK 001040708StackRoom-aHMIbHMId2007-06-01g25.00l3o340.59 SHA5p018267r2019-03-13s2019-02-06v25.00w2005-05-24yBK c12191d12191